00527nam a2200181Ia 4500003000400000005001700004008004100021020002900062040001700091082002000108100002400128245007600152260002800228300001000256650002400266650003500290700002000325IIN20250430113730.0231217s2020 xx d 000 0 eng d cRs.450.00a9789389776782 aIINbEnglish a610.73 bJOG1 aJogi, Mohd. Suhail 1 aFundamentals of Clinical Nursing/cMohd. Suhail Jogi and Shazia Gurgani bJaypeeaNew Delhic2020 a249p.1 aFoundationvNursing1 aFundamentalsvClinical Nursing1 aGurgani, Shazia